| 000 | 01309nam a2200325 ia4500 | ||
|---|---|---|---|
| 003 | OSt | ||
| 005 | 20260419085927.0 | ||
| 008 | 260419s2025 nyua jrb 000 0 eng d | ||
| 020 |
_a9780241743553 _cRM 98.90 _qhardback |
||
| 040 |
_aPPAK _beng _cPPAK _erda |
||
| 082 | 0 | 4 |
_223 _a616.8521 |
| 090 | 0 | 0 |
_a616.8521 _bBAR _dK |
| 100 | 1 |
_aBartlett, Megan, _eauthor. |
|
| 245 | 1 | 0 |
_aa kids book about TRAUMA / _cby Megan Bartlett |
| 246 | 3 | 0 | _aTrauma |
| 250 | _aFirst American edition. | ||
| 264 | 1 |
_aNew York, NY : _bDK Publishing, _c[2025] |
|
| 300 |
_a1 volume (unpaged) : _bcolour illustrations ; _c26 cm |
||
| 336 |
_atext _2rdacontent |
||
| 337 |
_aunmediated _2rdamedia |
||
| 338 |
_avolume _2rdacarrier |
||
| 490 | 1 | _aa kids book about | |
| 520 |
_a"This book will help kids understand what trauma truly means, how it affects our minds and bodies, and how movement and relationsihps can help us on our paths to healing. Because no matter what traumas we may have lived, we all deserve to heal."-- _cPage 4 of cover |
||
| 521 | 1 | _aAges 5+ | |
| 650 | 1 | 0 |
_aPsychic trauma in children _vJuvenile literature |
| 650 | 2 | 0 |
_aPsychic trauma _vJuvenile literature |
| 650 | 2 | 0 |
_aResilience (Personality trait) _vJuvenile literature |
| 830 | 0 | _aa kids book about | |
| 942 |
_2ddc _cB |
||
| 999 |
_c203893 _d203893 |
||